Elasticity and Geomechanics
保存先:
| 主要な著者: | , |
|---|---|
| フォーマット: | 図書 |
| 言語: | 英語 |
| 出版事項: |
Cambridge
Cambridge University Press
1996
|
| 版: | 1a. ed |
| 主題: | |
| タグ: |
タグ追加
タグなし, このレコードへの初めてのタグを付けませんか!
|
MARC
| LEADER | 00000cam a2200000 a 4500 | ||
|---|---|---|---|
| 001 | UCF4333 | ||
| 003 | CL-VaPUC | ||
| 008 | 121130e19960000UK |||||||||||||||||eng|d | ||
| 020 | |a 9780521498272 | ||
| 082 | 0 | 4 | |a 624.151 |b DAV |2 21 |
| 100 | 0 | |a Davis, R. O |e author |9 565839 | |
| 700 | 0 | |a Selvadurai, A. P. S |e author |9 565840 | |
| 245 | 1 | 0 | |a Elasticity and Geomechanics |
| 250 | |a 1a. ed | ||
| 300 | |a 201 p | ||
| 942 | |c BK | ||
| 945 | |d 20121130 00:00:00 |a dcastane | ||
| 260 | |a Cambridge |b Cambridge University Press |c 1996 | ||
| 650 | 7 | |a INGENIERIA GEOLOGICA |2 CL-VaPUC |9 361301 | |
| 650 | 0 | |a Ingeniería civil |9 260076 | |
| 650 | 7 | |a GEOLOGIA APLICADA |2 CL-VaPUC |9 262496 | |
| 650 | 0 | |a Rocas |9 266105 | |
| 650 | 0 | |a Suelos |9 260322 | |
| 650 | 0 | |a Propiedades mecánicas |9 262507 | |
| 583 | |a last modification |c 20121130 23:21:00 |k Rodrigo Vera | ||
| 999 | |c 350140 |d 350138 | ||
| 952 | |0 0 |1 0 |4 0 |6 624_151000000000000_DAV_1996 |7 0 |8 A |9 453332 |a BIBING |b BIBING |d 2019-11-22 |i 4928873 |o 624.151 DAV 1996 |p 4928873 |r 2025-01-20 |w 2019-11-22 |y BK |k CIC | ||